Los Diez Países Más Recientes Admitidos En Las Naciones Unidas - Estadísticas

Estadísticas generales
  • Esta prueba ha sido intentada 21 veces
  • La puntuación promedio es 5 de 10
Estadísticas de respuestas
fecha de ingreso respuesta % Correcto
2011 Sudán del Sur
86%
2006 Montenegro
76%
1993 Macedonia del Norte
71%
2000 Serbia
67%
1993 Eslovaquia
57%
1993 Chequia
29%
1993 Eritrea
29%
1992 Uzbekistán
19%
1994 Palaos
14%
1992 Kazajstán
10%
No se encontraron pruebas coincidentes
Distribución de puntuación
Porcentaje de gente con cada puntuación
Porcentaje por número respondido
Historial de tus puntuaciones
No has intentado esta prueba.